Sports Quiz

Random Sports or Baseball Quiz

MLB Hall of Famers by Career Quiz Stats

 Plays Quiz not verified by Sporcle

Challenge
Share
Tweet
Embed
Score 0/63 Timer 15:00
0 Plays Today
% Correct
Jim Palmer
97.2%
Don Drysdale
88.7%
Nolan Ryan
88.7%
Bob Gibson
87.3%
Sandy Koufax
85.9%
Warren Spahn
85.9%
Whitey Ford
85.9%
Tom Seaver
85.9%
Phil Niekro
85.9%
Bert Blyleven
85.9%
Juan Marichal
84.5%
Rollie Fingers
84.5%
Walter Johnson
83.1%
Don Sutton
83.1%
Dennis Eckersley
83.1%
Bruce Sutter
83.1%
Goose Gossage
81.7%
Catfish Hunter
80.3%
Gaylord Perry
80.3%
Bob Feller
78.9%
Ferguson Jenkins
78.9%
Steve Carlton
77.5%
Hal Newhouser
70.4%
Hoyt Wilhelm
69%
Robin Roberts
67.6%
Satchel Paige
64.8%
Jim Bunning
64.8%
Christy Mathewson
63.4%
Carl Hubbell
62%
Lefty Grove
60.6%
Bob Lemon
57.7%
Mordecai Brown
56.3%
% Correct
Lefty Gomez
56.3%
Cy Young
53.5%
Dizzy Dean
50.7%
Early Wynn
50.7%
Ted Lyons
49.3%
Grover Alexander
43.7%
Red Ruffing
38%
Addie Joss
38%
Jack Chesbro
36.6%
Jesse Haines
32.4%
Charles Radbourn
31%
Ed Walsh
31%
Eddie Plank
29.6%
Rube Waddell
29.6%
Dazzy Vance
29.6%
Eppa Rixey
29.6%
Stan Coveleski
29.6%
Chief Bender
28.2%
Amos Rusie
28.2%
Joe McGinnity
25.4%
Herb Pennock
25.4%
Red Faber
25.4%
Waite Hoyt
25.4%
Tim Keefe
23.9%
Rube Marquard
23.9%
Kid Nichols
22.5%
Burleigh Grimes
22.5%
Pud Galvin
19.7%
Vic Willis
19.7%
John Clarkson
16.9%
Mickey Welch
12.7%

You're not logged in!

Compare scores with friends on all Sporcle quizzes.
OR
Log In

You Might Also Like...

Show Comments

Extras

Top Quizzes Today


Score Distribution

Your Account Isn't Verified!

In order to create a playlist on Sporcle, you need to verify the email address you used during registration. Go to your Sporcle Settings to finish the process.

Report this User

Report this user for behavior that violates our Community Guidelines.

Details: